000 00932nam a22002417a 4500
999 _c63780
_d63780
005 20240530110658.0
008 171223s2014 ua ao g b 000 0 ara d
017 _bمصر. دار الكتب
020 _a9789776183285
040 _aEG-CaGPL
_cEG-CaGPL
082 0 4 _221
_a953.09\
_bأ س
100 1 _aالبجونج ، جان
245 1 2 _aالسلطانتان خرم ومهرماه :
_cقرينة القانونى وسليلته /
_bتأليف جان البجونج ؛ ترجمة وليد عبدالله القط .
250 _aط.1
260 _aالقاهرة :
_bدار النيل ،
_c2014 .
300 _a247 ص. ؛
_c22 سم.
610 0 _aالسلطانة خرم
610 0 _aالسلطانة مهرماه
650 0 7 _2qrmak
_aالامبراطورية العثمانية
700 0 _aوليد عبدالله القط
_eمترجم .
942 _2ddc
_cBK